| 000 | 00531nam a22001817a 4500 | ||
|---|---|---|---|
| 003 | OSt | ||
| 005 | 20221102190844.0 | ||
| 008 | 150522b xxu||||| |||| 00| 0 eng d | ||
| 020 | _a88-208-0414-X | ||
| 040 | _cBiblioteca Lado V | ||
| 082 |
_a700.74 _bB588b |
||
| 130 |
_aLa Biennale di Venezia _leng |
||
| 245 |
_aLa Biennale di Venezia/ _b48-esposizione internazionale d'arte/ |
||
| 260 |
_bMarsilio _c1999 |
||
| 300 |
_a287p. _c24x29cm |
||
| 710 |
_aJoan Duran _92735 |
||
| 942 |
_2ddc _c1 _h700.74 _iB588b _n0 |
||
| 999 |
_c2475 _d2475 |
||